| 000 | 00476nam a2200181 a 4500 | ||
|---|---|---|---|
| 001 | 3866 | ||
| 005 | 20140414131909.0 | ||
| 008 | 040603s19uu xx 00 eng d | ||
| 020 | _a1-56987-052-7 | ||
| 050 |
_aER _bB38 1993 |
||
| 245 | _aBeautiful animals to come and see!. | ||
| 260 |
_aAshland, Ohio : _bLandoll, _c1993. |
||
| 300 | _a1 v. (unp.) : ill. ; cm. | ||
| 440 | _aShare-A-Book | ||
| 650 |
_aAnimals _xFiction. |
||
| 650 | _aChildren stories. | ||
| 999 |
_c111122 _d111122 |
||